| 000 | 00820cam a22002537a 4500 | ||
|---|---|---|---|
| 005 | 20220329141226.0 | ||
| 008 | 971010s1985 r 00010 d | ||
| 010 | _a64702 | ||
| 011 | _a65674 | ||
| 035 | _a72937 | ||
| 082 |
_a632.95 _bH37 |
||
| 100 | 0 | 0 |
_aHaskell, Peter Thomas. _953030 |
| 245 | 0 |
_aPesticides application _b: principles and practice |
|
| 260 |
_aOxford : _bClarendon, _c1985 |
||
| 300 |
_a494 p. _b: ilus. ; gráfs. |
||
| 590 |
_aBATCH-UPD _b10 _c20130110 _lUCH01 _h0749 |
||
| 590 |
_aBATCH-UPD _b10 _c20130410 _lUCH01 _h0429 |
||
| 590 |
_aBATCH-UPD _b10 _c20130914 _lUCH01 _h1603 |
||
| 590 |
_aCONVERSION _b10 _c20130109 _lUCH01 _h1335 |
||
| 650 | 1 | 4 |
_aPesticidas _xAplicación. _987539 |
| 650 | 1 | 4 |
_aPesticidas _xPruebas. _987568 |
| 901 | _aBK | ||
| 949 |
_a632.95 H37 _bPA _cLIBRO _d-5686 _eLIBRO _h1624 _i72937 _si |
||
| 999 |
_c64702 _d64702 |
||